| 000 | 00966naa a2200265 c 4500 | ||
|---|---|---|---|
| 001 | 32521 | ||
| 003 | ES-MaCES | ||
| 005 | 20011218130000.0 | ||
| 008 | 011218n2001 sp t 000 | spa d | ||
| 035 | _aCES20010005443v | ||
| 040 |
_aES-MaCES _bspa _cES-MaCES |
||
| 100 | 1 |
_aMartínez Lucas, José Antonio _917864 |
|
| 245 | 1 | 3 |
_aLa contratación de trabajadores extranjeros sin permiso de trabajo como infracción administrativa _cJosé Antonio Martínez Lucas |
| 650 | 4 |
_aEspaña _926964 |
|
| 650 | 4 |
_asanción administrativa _931071 |
|
| 650 | 4 |
_apermiso de trabajo _929013 |
|
| 650 | 4 |
_atrabajador migrante _928408 |
|
| 650 | 4 |
_aextranjero _928630 |
|
| 650 | 4 |
_acontratación _928323 |
|
| 653 | 1 | 0 | _aRelaciones laborales-Empleo |
| 773 | 0 |
_tActualidad laboral _gn. 29 (16-22 jul. 2001){10002 R. 043274}; p. 601-617 _w(ES-MaCES)25022 _929050 |
|
| 902 | _aART Artículo de revista | ||
| 942 |
_2CES _cAR _h2.0. |
||
| 999 |
_c32521 _d32521 |
||